| 000 | 00637cam a22001931 4500 | ||
|---|---|---|---|
| 001 | af 48001654 | ||
| 003 | DLC | ||
| 005 | 20260227110850.0 | ||
| 008 | 911009s1944 it ac 000 0 ita c | ||
| 010 | _aaf 48001654 | ||
| 035 | _a(OCoLC)24522929 | ||
| 040 |
_aNew York. Public Libr. _cCU _dCU _dDLC |
||
| 050 | 0 | 0 |
_aDG738.14.B5 _bM3 |
| 100 | 1 | _aMarinelli, Guido. | |
| 245 | 1 | 3 |
_aLa bella Veneziana _b(vita ed amori di Bianca Cappello) _cCon 15 illus. fuori testo. |
| 260 |
_aMilano, _bEDI, _c1944. |
||
| 300 |
_a241 p. _billus., ports. _c22 cm. |
||
| 600 | 0 | 0 |
_aBianca, _cGrand-Duchess, consort of Francesco I, Grand-Duke of Tuscany, _d1548-1587. |
| 999 |
_c4640 _d4640 |
||